Normal view
MARC view
Entry Personal Name
001 - CONTROL NUMBER
- control field: 853646
003 - CONTROL NUMBER IDENTIFIER
- control field: OSt
005 - DATE AND TIME OF LATEST TRANSACTION
- control field: 20251201112011.0
008 - FIXED-LENGTH DATA ELEMENTS
- fixed length control field: 251201|| aca||aabn | a|a d
040 ## - CATALOGING SOURCE
- Original cataloging agency: OSt
- Transcribing agency: OSt
100 ## - HEADING--PERSONAL NAME
- Personal name: ਪਾਤਰ , ਸੁਰਜੀਤ
670 ## - SOURCE DATA FOUND
- Source citation: Work cat.: (OSt)1464794: ਪਾਤਰ, ਸੁਰਜੀਤ / Patar, Surjit 848505, ਇੱਛਾਧਾਰੀ , 2014
